000
00249nam a2200097Ia 4500
001
647464
005
20250826153703.0
008
250824s9999 xx 000 0 und d
245
0
_a
KIRAN KIRANA ZEKA SORULARI
_c
ŞAKİR URAL
260
_b
TİMAŞ YAYINLARI
999
_c
647464
_d
647464